Les 10 villes les plus peuplées de Haute-Savoie (74) - Statistiques

Statistiques générales
  • Ce quiz a été pris 90 fois
  • Le résultat moyen est 6 sur 10
Statistiques - réponses
Population Communes % Correct
131 300 Annecy
100%
37 600 Annemasse
92%
37 700 Thonon-les-Bains
76%
17 400 Cluses
73%
17 000 Sallanches
60%
13 300 Bonneville
59%
15 900 Saint-Julien-en-Genevois
48%
11 200 La Roche-sur-Foron
40%
16 100 Rumilly
36%
11 100 Gaillard
35%
Aucun quiz correspondant
Distribution des résultats
% des personnes avec chaque résultat
Percentile par nombre de réponses
Votre historique - résultats
Vous n’avez pas pris ce quiz